000 00302nam a22001337a 4500
008 180314b xxu||||| |||| 00| 0 eng d
020 _a9780072966558
041 _aeng
080 _25th
_a78
100 _a45
101 _aMUZ
245 _aMusic an apprecation
_cKamien,R
942 _2udc
_cBK
999 _c45040
_d45040